| 000 | 01011cam a22003253a 4500 | ||
|---|---|---|---|
| 001 | 8611 | ||
| 003 | PGUSA | ||
| 005 | 20140828083202.0 | ||
| 008 | 050801s2005||||xxu|||||s|||||000 1 eng d | ||
| 040 |
_aPGUSA _beng |
||
| 042 | _adc | ||
| 050 | 4 | _aPS | |
| 100 | 1 |
_aTwain, Mark, _d1835-1910 |
|
| 245 | 1 | 4 |
_aThe Prince and the Pauper _h[electronic resource] / _cMark Twain |
| 260 |
_bProject Gutenberg, _c2005 |
||
| 506 | _aCopyrighted. Read the copyright notice inside this book for details. | ||
| 516 | _aElectronic text | ||
| 653 | _aSocial classes -- Fiction | ||
| 653 | _aBoys -- Fiction | ||
| 653 | _aImpostors and imposture -- Fiction | ||
| 653 | _aPoor children -- Fiction | ||
| 653 | _aLookalikes -- Fiction | ||
| 653 | _aHistorical fiction | ||
| 653 | _aEdward VI, King of England, 1537-1553 -- Fiction | ||
| 653 | _aLondon (England) -- Fiction | ||
| 653 | _aPrinces -- Fiction | ||
| 830 | 0 |
_aProject Gutenberg _v8611 |
|
| 856 | 4 | 0 | _uhttp://www.gutenberg.org/ebooks/8611 |
| 942 | _cAB | ||
| 999 |
_c237911 _d237911 |
||